Cơ sở đo lường học
Đối tượng và nhiệm vụ của đo lường học. Đại lượng, đơn vị và hệ đơn vị. Chuẩn đo lường, sai số của phép đo. Độ không đảm bảo đo. Phương pháp đo và phân loại phương pháp đo. Phương tiện đo, hiệu chuẩn phương tiện đo và liên kết chuẩn đ...
Saved in:
| Main Author: | |
|---|---|
| Other Authors: | |
| Format: | Book |
| Language: | Undetermined |
| Published: |
H.
Giáo dục Việt Nam
2009
|
| Subjects: | |
| Online Access: | http://lrc.tdmu.edu.vn/opac/search/detail.asp?aID=2&ID=7657 |
| Tags: |
Add Tag
No Tags, Be the first to tag this record!
|
| Institutions: | Trung tâm Học liệu Trường Đại học Thủ Dầu Một |
|---|
| LEADER | 01128nam a2200217Ia 4500 | ||
|---|---|---|---|
| 001 | TDMU_7657 | ||
| 008 | 210410s9999 xx 000 0 und d | ||
| 082 | |a 530.8 | ||
| 090 | |b TR121 | ||
| 100 | |a Trần, Bảo | ||
| 245 | 0 | |a Cơ sở đo lường học | |
| 245 | 0 | |c Trần Bảo c.b, Trần Quang Uy | |
| 260 | |a H. | ||
| 260 | |b Giáo dục Việt Nam | ||
| 260 | |c 2009 | ||
| 300 | |a 215tr | ||
| 520 | |a Đối tượng và nhiệm vụ của đo lường học. Đại lượng, đơn vị và hệ đơn vị. Chuẩn đo lường, sai số của phép đo. Độ không đảm bảo đo. Phương pháp đo và phân loại phương pháp đo. Phương tiện đo, hiệu chuẩn phương tiện đo và liên kết chuẩn đo lường; VL Đo lường và xử lý số liệu trong thực nghiệm vật lý | ||
| 650 | |a Đo; Đo lường | ||
| 700 | |a Trần, Quang Uy | ||
| 856 | |u http://lrc.tdmu.edu.vn/opac/search/detail.asp?aID=2&ID=7657 | ||
| 980 | |a Trung tâm Học liệu Trường Đại học Thủ Dầu Một | ||